Boletín Informativo /
Sparad:
| Institutionell upphovsman: | |
|---|---|
| Materialtyp: | Bok |
| Språk: | Spanish |
| Publicerad: |
San José, Costa Rica:
IIDH,
1985-
|
| Ämnen: | |
| Taggar: |
Lägg till en tagg
Inga taggar, Lägg till första taggen!
|
MARC
| LEADER | 00000nam a22000007a 4500 | ||
|---|---|---|---|
| 003 | cru CIDCACS/IIS | ||
| 005 | 20230126143930.0 | ||
| 008 | 230126b |||||||| |||| 00| 0 spa d | ||
| 040 | |c cru CIDCACS/IIS | ||
| 090 | |a REV0118 | ||
| 110 | 1 | |9 7437 |a Instituto Interamericano de Derechos Humanos | |
| 245 | 1 | |a Boletín Informativo / |c Instituto Interamericano de Derechos Humanos | |
| 260 | |a San José, Costa Rica: |b IIDH, |c 1985- | ||
| 270 | |b Curridabat |e Apartado 370, Curridabat | ||
| 500 | |a EXISTENCIAS: 1985 1 (1) 1986 2 (7) 1989 5 (18-19, 21) 1990 6 (23-24) 1995 (38) 1996 (jul.-set.) 1998 (50) 1999 (56) 2000 (58) | ||
| 650 | 0 | |9 38 |a DERECHOS HUMANOS | |
| 650 | 0 | |9 2306 |a SEMINARIOS | |
| 942 | |2 ddc |c PP | ||
| 999 | |c 44692 |d 44692 | ||
